|
|
|
|
| LEADER |
00678nab a2200181 i 4500 |
| 001 |
misc7932 |
| 005 |
20191106144005.0 |
| 008 |
170607s1904 hu o 0|| hun d |
| 022 |
|
|
|a 0025-0260
|
| 040 |
|
|
|a SZTE Miscellanea Repozitórium
|b hun
|
| 041 |
|
|
|a hun
|
| 100 |
1 |
|
|a Bozóky Endre
|
| 245 |
1 |
3 |
|a Az érettségi vizsgálat reformjáról
|h [elektronikus dokumentum] /
|c Bozóky Endre
|
| 260 |
|
|
|c 1904
|
| 300 |
|
|
|a 18-23
|
| 490 |
0 |
|
|a Magyar pedagógia : a Magyar Tudományos Akadémia Pedagógiai Bizottságának folyóirata
|v 13
|
| 695 |
|
|
|a Érettségi vizsga reform 1904, Érettségi vizsga
|
| 856 |
4 |
0 |
|u http://misc.bibl.u-szeged.hu/7932/1/mp_1904_0920_018-023.pdf
|z Dokumentum-elérés
|